=LDR 00000nam 2200000 4500 =001 000741 =005 20250711080028 =035 ##$$a 0010-0725000609 =007 ta =008 250711################a##########0#ind## =020 ##$$a 978-623-307-700-2 =082 ##$$a 398-209 598 =084 ##$$a 398-209 598 SAN =100 #$$a Sang Penyair: Sufia Kamal/ HerStory Foundation =245 1#$$a Sang Penyair: Sufia Kamal /$c HerStory Foundation =250 ##$$a Cetakan Pertama =260 ##$$a Jakarta :$b Badan Pengembangan dan Pembinaan Bahasa,$c 2022 =300 ##$$a 8 hlm. : $b Ilus. ; $c 22,9 cm =650 #4$$a CERITA ANAK INDONESIA-TERJEMAHAN =650 #4$$a LITERASI-BAHAN BACAAN